| 000 | 00435nam a2200181Ia 4500 | ||
|---|---|---|---|
| 001 | 3880 | ||
| 005 | 20260306145716.0 | ||
| 008 | 260306t1969||||xx |||||||||||||| ||spa|| | ||
| 041 | _aESP | ||
| 082 |
_a305.231 _bB75 |
||
| 100 |
_aBossard, James H.S. _eAUT |
||
| 245 | 0 | _aSociologĂa del desarrollo infantil | |
| 260 | _c1969 | ||
| 300 |
_axx, 652 páginas : _c24 cm. |
||
| 650 | _aGEN | ||
| 654 | _aCHU | ||
| 942 |
_cLIB _dJUS _fJUS _2ddc _n |
||
| 999 |
_c3880 _d3880 |
||